|
|
|
|
| LEADER |
01708nam a2200349 a 4500 |
| 001 |
1569 |
| 003 |
BD-DhAAL |
| 005 |
20150614122500.0 |
| 008 |
150614s1994 ii b 100 0 eng |
| 010 |
|
|
|a 98907229
|
| 020 |
|
|
|a 0333925416
|
| 040 |
|
|
|a DLC
|c DLC
|d DLC
|d BD-DhAAL
|
| 050 |
0 |
0 |
|a HC435.2
|b .C616 1992
|
| 082 |
0 |
0 |
|a 338.954/009/045
|2 21
|
| 111 |
2 |
|
|a Conference on "South Asia as a Dynamic Partner: Prospects for the Future"
|d (1992 :
|c New Delhi, India)
|9 12036
|
| 245 |
1 |
0 |
|a South Asia as a dynamic partner :
|b papers presented at the Conference on "South Asia as a Dynamic Partner: Prospects for the Future", held at New Delhi, May 25-27, 1992 /
|c editors, S.P. Gupta, William E. James, Robert K. McCleery.
|
| 260 |
|
|
|a New Delhi :
|b Macmillan India Ltd.,
|c 1994.
|
| 300 |
|
|
|a viii, 440 p. ;
|c 24 cm.
|
| 500 |
|
|
|a "An International Center for Economic Growth publication; Indian Council for Research on International Economic Relations."
|
| 504 |
|
|
|a Includes bibliographical references.
|
| 541 |
|
|
|e 1569
|
| 650 |
|
0 |
|a Structural adjustment (Economic policy)
|z South Asia.
|9 12037
|
| 650 |
|
0 |
|a Finance, Public
|z South Asia.
|9 12038
|
| 651 |
|
0 |
|a India
|x Economic policy
|y 1947-
|9 7648
|
| 700 |
1 |
|
|a Gupta, S. P.
|q (Shyama Prasad),
|d 1930-
|9 12039
|
| 700 |
1 |
|
|a James, William E.
|9 12040
|
| 700 |
1 |
|
|a McCleery, Robert.
|9 12041
|
| 710 |
2 |
|
|a International Center for Economic Growth.
|9 7854
|
| 710 |
2 |
|
|a Indian Council for Research on International Economic Relations.
|9 12042
|
| 942 |
|
|
|2 ddc
|c BK
|
| 999 |
|
|
|c 34717
|d 34717
|
| 952 |
|
|
|0 0
|1 0
|2 ddc
|4 0
|6 338_954009045000000_SOU
|7 0
|9 54291
|a SCL
|b SCL
|c GEN
|d 2015-06-14
|e Gift: The Asia Foundation
|l 0
|o 338.954009045 SOU
|p 3020001569
|r 2015-06-14
|t 1
|w 2015-06-14
|y BK
|